000 00783nam a2200229Ii 4500
003 JO-AjNU
008 230605s9999||||xx |||||||||||||| ||und||
017 _a2003/9/1921
020 _a978-9957-11-468-9
040 _aJO-AjNU
_bara
_erda
_cJO-AjNU
041 _aara
050 1 4 _aHF5415.I365.U274 2012
100 3 _aأبو فارة، يوسف أحمد,
_eauthor
_951313
245 0 0 _aالتسويق الإلكتروني: عناصر المزيج التسويقي عبر الإنترنت
250 _aط4
264 3 1 _aعمان: دار وائل للنشر والتوزيع، 2012
300 _a498ص
336 _atext
_btxt
_2rdacontent
337 _aunmediated
_bn
_2rdamedia
338 _avolume
_bnc
_2rdacarrier
650 4 _aالتسويق عبر الانترنت
_951314
999 _aA22657
_c26225
_d26225